000 00958nam a2200205Ia 4500
008 0000001993 pr a 0000000000spa00
090 _aPPR00 R67j1
100 1 _aRosado del Valle, Julio
_d1922
245 1 0 _aJulio Rosado del Valle
_b: selección de pinturas
_c/ fotografías Edwin Medina, Jochi Melero
300 _a[20] p.
_c/ 24 cm.
500 _aExposición realizada en Luigi Marrozzini Gallery, San Juan (Puerto Rico), Febrero 23 Marzo 30, 1993 \ Con el patronazgo del maestro venezolano Jesús Rafael Soto (q.e.p.d.) \ Registro auspiciado por el IDCT. Bogotá
600 0 0 _aROSADO DEL VALLE, JULIO, 19222008/
_xTRABAJOS PICTORICOS
650 1 4 _aARTE CONTEMPORANEO PUERTORRIQUEÑO
650 1 4 _xCATALOGOS
650 1 4 _xEXPOSICIONES
650 1 4 _aPINTORES PUERTORRIQUEÑOS
650 1 4 _aPINTURA PUERTORRIQUEÑA
700 1 _aMedina, Edwin \ Melero, Jochi
999 _c3695
_d3695
260 _aSan Juan (Puerto Rico) : Galería Luigi Marrozzini
_c1993